[Event "ch-RUS KO"]
[Site "Moscow RUS"]
[Date "1999.12.16"]
[Round "1.2"]
[White "Loginov,Va"]
[Black "Zaitsev,I"]
[Result "1/2-1/2"]
[WhiteElo "2530"]
[BlackElo "2420"]

1.Nf3 Nf6 2.c4 g6 3.g3 Bg7 4.Bg2 O-O 5.d4 d6 6.O-O Bd7 7.Nc3 Nc6 8.Bg5 h6
9.Bd2 e5 10.dxe5 dxe5 11.Qc1 Kh7 12.Rd1 e4 13.Ne1 Qe8 14.Bf4 Rc8 15.Nb5 Ne5
16.Nxa7 Ra8 17.Nb5 Bxb5 18.cxb5 g5 19.Bxe5 Qxe5 20.a4 Rfd8  1/2-1/2

[Event "Young Masters"]
[Site "Groningen NED"]
[Date "1999.12.20"]
[Round "2"]
[White "Friedman,A"]
[Black "Al Modiahki,M"]
[Result "1-0"]
[WhiteElo "2332"]
[BlackElo "2553"]

1.Nf3 Nf6 2.c4 g6 3.g3 Bg7 4.Bg2 O-O 5.O-O d6 6.Nc3 a6 7.Rb1 c6 8.b4 b5 9.cxb5 axb5
10.a4 bxa4 11.Nxa4 e5 12.d3 e4 13.dxe4 Nxe4 14.Nd4 d5 15.Bb2 Nd6 16.Nc5 Nc4
17.Nxc6 Nxb2 18.Nxd8 Nxd1 19.Rfxd1 Rxd8 20.Bxd5 Rxd5 21.Rxd5 Bf6 22.b5 Ra2
23.e4 Bh3 24.b6 Kg7 25.b7 Rc2 26.Nd3 g5 27.Ra5 Rd2 28.Ra8 Nc6 29.e5 Be7 30.Rc8 Rxd3
31.Rxc6 Rd8 32.b8=Q  1-0

[Event "Young Masters"]
[Site "Groningen NED"]
[Date "1999.12.24"]
[Round "6"]
[White "Kasimdzhanov,R"]
[Black "Al Modiahki,M"]
[Result "1-0"]
[WhiteElo "2603"]
[BlackElo "2553"]

1.c4 Nf6 2.Nf3 g6 3.g3 Bg7 4.Bg2 O-O 5.O-O d6 6.Nc3 a6 7.Rb1 c6 8.d3 b5 9.Nd4 d5
10.cxd5 cxd5 11.Bg5 Bb7 12.Qd2 Ng4 13.Qf4 h5 14.Nb3 Bc6 15.h3 Nf6 16.Rbc1 Nbd7
17.e4 dxe4 18.dxe4 b4 19.Nd5 Bb5 20.Rfe1 Nxd5 21.exd5 f6 22.Bh6 g5 23.Qf5 Ne5
24.Be4  1-0

[Event "Young Masters"]
[Site "Groningen NED"]
[Date "1999.12.26"]
[Round "7"]
[White "Ma Yu"]
[Black "Horvath,Ad"]
[Result "1-0"]
[WhiteElo "2375"]
[BlackElo "2412"]

1.c4 Nf6 2.Nf3 g6 3.g3 Bg7 4.Bg2 O-O 5.O-O d6 6.d4 Nbd7 7.Nc3 e5 8.e4 exd4
9.Nxd4 Re8 10.h3 a6 11.Nb3 Ne5 12.c5 Be6 13.f4 Nc6 14.Rf2 Nd7 15.Be3 Bxb3
16.Qxb3 Nxc5 17.Bxc5 dxc5 18.e5 Rb8 19.Rd1 Nd4 20.Qc4 Qc8 21.Qxc5 Nf5 22.Ne4 b6
23.Qc6 Re6 24.Qd7 Ne3 25.Ng5 Qe8 26.Qxe8+ Rbxe8 27.Nxe6 Nxd1 28.Nxg7 Rd8
29.Re2 Kxg7 30.Be4 Rd4 31.Bg2 Rd3 32.Kh2 Ne3 33.Be4 Rd2 34.Rxd2 Nf1+ 35.Kg1 Nxd2
36.Bd5 b5 37.Kf2 f6 38.exf6+ Kxf6 39.Ke2 Nc4 40.Bxc4 bxc4 41.Ke3 h5 42.g4  1-0

[Event "ch-ROM (women)"]
[Site "Lasi ROM"]
[Date "1999.12.26"]
[Round "12"]
[White "Trofim,G"]
[Black "Calota,A"]
[Result "1/2-1/2"]
[WhiteElo "2029"]
[BlackElo "2096"]

1.c4 Nf6 2.Nf3 g6 3.g3 Bg7 4.Bg2 O-O 5.Nc3 d6 6.O-O e5 7.d3 h6 8.Rb1 a5 9.a3 Nc6
10.b4 axb4 11.axb4  1/2-1/2

[Event "8th Danube Open"]
[Site "Aschach AUT"]
[Date "1999.12.27"]
[Round "3"]
[White "Almasi,I"]
[Black "Hiermann,D"]
[Result "1-0"]
[WhiteElo "2435"]
[BlackElo "2280"]

1.c4 Nf6 2.Nf3 g6 3.g3 Bg7 4.Bg2 O-O 5.d4 c6 6.O-O d5 7.cxd5 cxd5 8.Ne5 Nc6
9.Nc3 e6 10.Nxc6 bxc6 11.Na4 Nd7 12.Bf4 Qf6 13.Qc2 Bb7 14.Rad1 Rfc8 15.Bd6 Qd8
16.Nc5 Nxc5 17.Bxc5 a5 18.e4 a4 19.f4 Ba6 20.Rf2 Bc4 21.b3 axb3 22.axb3 Bb5
23.f5 Bh6 24.fxe6 fxe6 25.Qc3 dxe4 26.Bxe4 Qg5 27.Re1 Bf8 28.h4 Qh6 29.Bg2 Re8
30.Bh3 Bg7 31.Bxe6+ Kh8 32.Rf7 g5 33.hxg5 Qxg5 34.Bd6 Qh5 35.Rxg7 Rxe6 36.Be5 Rxe5
37.Rxe5 Qh3 38.Rf7 Ra1+ 39.Re1  1-0

[Event "III Open"]
[Site "Cali COL"]
[Date "1999.12.27"]
[Round "2"]
[White "Szmetan,J"]
[Black "Prieto,E"]
[Result "1-0"]
[WhiteElo "2403"]
[BlackElo "2175"]

1.Nf3 Nf6 2.c4 g6 3.g3 Bg7 4.Bg2 O-O 5.O-O d5 6.cxd5 Nxd5 7.Nc3 Nxc3 8.bxc3 e5
9.Rb1 c6 10.d4 exd4 11.cxd4 Re8 12.e3 Nd7 13.Nd2 Nb6 14.Ba3 Nd5 15.Qb3 Nb6
16.Bc5 Be6 17.Qc2 Bf8 18.Rb2 f5 19.Rfb1 Bf7 20.a4 Nd5 21.Rxb7 Bh6 22.Nc4 a5
23.Nd6 Rf8 24.Nc4 Qc8 25.Ne5  1-0

[Event "III Open"]
[Site "Cali COL"]
[Date "1999.12.28"]
[Round "4"]
[White "Szmetan,J"]
[Black "Saladen,R"]
[Result "0-1"]
[WhiteElo "2403"]
[BlackElo "2300"]

1.Nf3 Nf6 2.c4 g6 3.g3 Bg7 4.Bg2 O-O 5.O-O c6 6.d4 d5 7.Qb3 dxc4 8.Qxc4 Bf5
9.Nc3 Nbd7 10.Nh4 Nb6 11.Qb3 Qxd4 12.Nxf5 gxf5 13.Rd1 Qc4 14.Qa3 Rfe8 15.Bg5 Qg4
16.Bxf6 Bxf6 17.Bf3 Qg7 18.Qb3 e6 19.a4 Re7 20.a5 Nd5 21.Na4 f4 22.Rac1 Bd4
23.Kf1 Kh8 24.Qc4 Be3 25.Bxd5 exd5 26.Qb4 fxg3 27.hxg3 Re4 28.Qxb7 Rg8 29.Rc3 Qh6
30.Kg2 Rh4 31.Rxe3 Rh2+ 32.Kf1 Rh1+ 33.Kg2 Rxd1  0-1

[Event "8th Danube Open"]
[Site "Aschach AUT"]
[Date "1999.12.29"]
[Round "6"]
[White "Jurek,J"]
[Black "Wohlfahrt,H"]
[Result "1/2-1/2"]
[WhiteElo "2336"]
[BlackElo "2282"]

1.Nf3 Nf6 2.c4 g6 3.g3 Bg7 4.Bg2 O-O 5.d4 d6 6.Nc3 Nc6 7.O-O a6 8.d5 Na5
9.Nd2 c5 10.Qc2 Rb8 11.b3 b5 12.Bb2 Bh6 13.f4 e6 14.Rab1 Ng4 15.Nd1 Bg7 16.Bxg7 Kxg7
17.Qc3+ Kg8 18.h3 Nf6 19.Nf2 exd5 20.cxd5 b4 21.Qd3 Bd7 22.e4 Bb5 23.Nc4 Nd7
24.Qc2 Bxc4 25.bxc4 Nb6 26.e5 Naxc4 27.Rbe1 f5 28.Nd3 Re8 29.g4 Qh4 30.gxf5 gxf5
31.Re2 dxe5 32.Nxe5 Nxe5 33.fxe5 Rxe5 34.Rxe5 Qd4+ 35.Kh1 Qxe5 36.Qxc5 Nc8
37.Qc1 Nd6 38.Re1 Ne4 39.Bxe4 fxe4 40.Qc4 Qc3 41.Rxe4 Qxh3+ 42.Kg1 Qg3+ 43.Kh1 Kh8
44.Qd4+ Qg7 45.d6 Qxd4 46.Rxd4 Kg7 47.d7 Rd8 48.Rd6 a5 49.Kg2 Kf7 50.Rd5 Ke6
51.Rxa5 Rxd7 52.Rb5 Rd4 53.Kf3 Rh4 54.Kg3 Rc4 55.Rh5 Rc2 56.Rh4 Rb2 57.Kf3 Kd5
58.Ke3 Kc5 59.Kd3 Rxa2 60.Rh5+ Kb6 61.Kc4 Ra5 62.Rh6+ Kb7 63.Rxh7+ Kb8 64.Kxb4  1/2-1/2

[Event "Agneaux St Lo op"]
[Site "Agneaux"]
[Date "1999.??.??"]
[Round "3"]
[White "Lesbros, Bernard"]
[Black "Belkhodja, Slim"]
[Result "0-1"]
[WhiteElo "2070"]
[BlackElo "2420"]

1.Nf3 Nf6 2.c4 g6 3.g3 Bg7 4.Bg2 O-O 5.O-O d6 6.d4 Nbd7 7.Nc3 e5 8.e4 c6
9.h3 Qa5 10.Be3 Nb6 11.Qd3 exd4 12.Nxd4 Qa6 13.b3 d5 14.exd5 Nbxd5 15.Bd2 Nxc3
16.Bxc3 Nd5 17.Bxd5 cxd5 18.Nb5 dxc4 19.bxc4 Bf5 20.Qf3 Bxc3 21.Nxc3 Qxc4
22.Nd5 Be6 23.Nf4 Qa6 24.Rfe1 Bc4 25.Re7 Qf6 26.Rae1 b5 27.a3 g5 28.Qxa8 Qxe7
29.Rxe7 Rxa8 30.Ng2 a5 31.Ne3 Be6 32.Ng2 Rd8 33.g4 Rd1+ 34.Kh2 Rd2 35.Ne1 Rxf2+
36.Kg3 Ra2 37.Nf3 Rxa3 38.Kf2 h6 39.Nd4 Rxh3 40.Nxe6 fxe6 41.Rxe6 a4 42.Rb6 Rb3  0-1

[Event "Alushta zt (Women)"]
[Site "Alushta"]
[Date "1999.??.??"]
[Round "?"]
[White "Kononenko, Tatiana"]
[Black "Shliahtich, Galina"]
[Result "1-0"]
[WhiteElo "2295"]
[BlackElo "2277"]

1.Nf3 Nf6 2.c4 g6 3.g3 Bg7 4.Bg2 O-O 5.Nc3 d6 6.O-O e5 7.d3 Nc6 8.Rb1 a5
9.Bg5 h6 10.Bxf6 Bxf6 11.a3 Bg7 12.b4 f5 13.b5 Nb8 14.Qc2 Nd7 15.Nd2 h5 16.Nd5 g5
17.e3 g4 18.f4 c6 19.bxc6 bxc6 20.Nc3 Ra6 21.Ne2 Qe7 22.fxe5 dxe5 23.e4 Qxa3
24.exf5 Nc5 25.Nc3 Bxf5 26.Nde4 Ne6 27.Rb7 Bh6 28.Kh1 Be3 29.Qe2 Bh6 30.Qc2 Nd4
31.Qb1 Raa8 32.c5 a4 33.Qd1 Kh8 34.Qb1 Bxe4 35.Nxe4 Rxf1+ 36.Qxf1 Qc1 37.Qxc1 Bxc1
38.Nf6  1-0

[Event "Alushta3"]
[Site "Alushta"]
[Date "1999.??.??"]
[Round "?"]
[White "Edzgveradze, Natalia"]
[Black "Kochetkov, German"]
[Result "0-1"]
[WhiteElo "2295"]
[BlackElo "2395"]

1.Nf3 Nf6 2.c4 g6 3.g3 Bg7 4.Bg2 O-O 5.O-O Nc6 6.Nc3 a6 7.d4 Rb8 8.d5 Na5
9.Nd2 c5 10.Rb1 b5 11.cxb5 axb5 12.b4 cxb4 13.Rxb4 Ba6 14.Bb2 d6 15.Ba1 Nd7
16.Qb1 Nc5 17.Bh3 Nc4 18.Nf3 Qa5 19.Rc1 Rb7 20.Rxc4 bxc4 21.Qc2 Rfb8 22.Qd1 Qa3
23.Kg2 Rb4 24.Ne1 Rb2 25.Bxb2 Rxb2 26.Nb1 Qxa2 27.Nc3 Qb3 28.Nb1 Qxd1 29.Rxd1 Rxe2
30.Rc1 c3 31.Bg4 c2 32.Bxe2 Bxe2  0-1

[Event "Athens op"]
[Site "Athens"]
[Date "1999.??.??"]
[Round "7"]
[White "Vul, Arkadi Eremeevich"]
[Black "Tzermiadianos, Andreas"]
[Result "0-1"]
[WhiteElo "2454"]
[BlackElo "2454"]

1.Nf3 Nf6 2.c4 g6 3.g3 Bg7 4.Bg2 O-O 5.d4 d6 6.Nc3 Nbd7 7.O-O e5 8.e4 exd4
9.Nxd4 Re8 10.Re1 a6 11.h3 Rb8 12.Be3 Ne5 13.b3 c5 14.Nc2 b5 15.f4 Ned7 16.Qxd6 b4
17.Na4 Nxe4 18.Bxe4 Bxa1 19.Rxa1 Rxe4 20.Nxc5 Qe8 21.Bf2 Nxc5 22.Qxb8 Nd3
23.Rf1 Re2 24.Qd6 Bf5 25.g4 Nxf2 26.Rxf2 Rxc2 27.Rxc2 Qe1+ 28.Kh2 Bxc2 29.Qd8+ Kg7
30.Qd4+ f6 31.Qd7+ Kh6 32.g5+ fxg5 33.fxg5+ Kxg5 34.Qg4+ Kf6 35.Qf4+ Ke6  0-1

[Event "ROM-ch sf"]
[Site "Baile Tusnad"]
[Date "1999.??.??"]
[Round "5"]
[White "Istrate, Bogdan"]
[Black "Vajda, Albert"]
[Result "1/2-1/2"]
[WhiteElo "2277"]
[BlackElo "2356"]

1.Nf3 Nf6 2.c4 g6 3.g3 Bg7 4.Bg2 O-O 5.O-O c6 6.d4 d5 7.b3 Ne4 8.Bb2 Be6
9.Nbd2 Nxd2 10.Qxd2 h6 11.Rac1 Nd7 12.Rfd1 a5 13.Ne1 Nf6 14.Nd3 Bf5 15.e3 h5
16.Qe2 a4 17.cxd5 cxd5 18.b4 a3 19.Bc3 Bh6 20.b5 h4 21.f3 hxg3 22.hxg3 Qb6
23.Ne5 Bd7 24.Nxd7 Nxd7 25.f4 Qd6 26.e4 dxe4 27.Qxe4 Rab8 28.Qd5 Qxd5 29.Bxd5 Rfd8
30.Bf3 g5 31.Bb4 Bf8 32.fxg5 Nb6 33.d5 Ra8 34.Rc7 Rd7 35.d6 exd6 36.Rxd7 Nxd7
37.Bxb7 Ra4 38.Bxd6 Nc5 39.Bc6 Rb4 40.Be5 Ne6 41.Bf6 Bc5+ 42.Kg2 Bd4 43.Be7 Rb2+
44.Kh3 Bc5 45.Bxc5 Nxc5 46.Bd5 Kg7 47.Rf1 Ne6 48.Bb3 Nd4 49.Rxf7+ Kg6 50.Kg4 Nxb3
51.Rf6+ Kg7 52.axb3 Rxb3 53.Ra6 Rxb5 54.Rxa3 Rb1 55.Ra7+ Kg6 56.Ra6+ Kg7
57.Rc6 Ra1 58.Rb6 Rc1 59.Rb4 Kg6 60.Rf4 Rb1 61.Rf6+ Kg7 62.Ra6 Rc1 63.g6 Rc5
64.Kh4 Rb5 65.Rc6 Ra5 66.g4 Rb5 67.g5 Rb1  1/2-1/2

[Event "Regionalliga NW9899"]
[Site "Bayern"]
[Date "1999.??.??"]
[Round "?"]
[White "Golda, Harald"]
[Black "Leban, Slavko"]
[Result "1-0"]
[WhiteElo "2205"]
[BlackElo "2400"]

1.c4 Nf6 2.Nf3 g6 3.g3 Bg7 4.Bg2 O-O 5.O-O d5 6.cxd5 Nxd5 7.Nc3 c6 8.d4 Nd7
9.e4 Nxc3 10.bxc3 Qa5 11.Qc2 Nb6 12.Bf4 Qa4 13.Qe2 Be6 14.Rfc1 Rfc8 15.Qb2 Bc4
16.Ne5 Ba6 17.Bh3 Rf8 18.Qb1 Qa5 19.Qb3 c5 20.Bf1 Bxf1 21.Rxf1 Rad8 22.Rad1 Qa4
23.dxc5 Qxb3 24.axb3 Na8 25.c6 Bxe5 26.cxb7 Bxf4 27.Rxd8 Rxd8 28.bxa8=Q Rxa8
29.gxf4 Rd8 30.Rc1 a5 31.Kf1 Rd2 32.Ra1 Rc2 33.Rxa5 Rxc3 34.Rb5 Rf3 35.f5 gxf5
36.exf5 Kg7 37.Kg2 Rc3  1-0

[Event "Oberliga Bayern9899"]
[Site "Bayern"]
[Date "1999.??.??"]
[Round "?"]
[White "Angermueller, Oliver"]
[Black "Maurer, Jochen"]
[Result "1/2-1/2"]
[WhiteElo "2110"]
[BlackElo "1930"]

1.Nf3 Nf6 2.g3 g6 3.Bg2 Bg7 4.c4 O-O 5.d4 d6 6.O-O Nbd7 7.Nc3 c6 8.b3 Re8
9.Bb2 e5 10.e3 Qc7 11.Rc1 Nf8 12.h3 h5 13.Qd2 e4 14.Ne1 N8h7 15.f4 Bf5 16.b4 Qd7
17.Kh2 d5 18.c5 Bh6 19.Nd1 Kh8 20.Nf2 Rg8 21.h4 Ng4+ 22.Nxg4 hxg4 23.Bc3 Nf6
24.Rb1 Nh5 25.Qf2 Qe7 26.Nc2 Rae8  1/2-1/2

[Event "Regionalliga SO9899"]
[Site "Bayern"]
[Date "1999.??.??"]
[Round "?"]
[White "Forster, Gert"]
[Black "Peter, Christian"]
[Result "1/2-1/2"]
[WhiteElo "2065"]
[BlackElo "2055"]

1.Nf3 Nf6 2.c4 g6 3.g3 Bg7 4.Bg2 O-O 5.d4 d6 6.Nc3 Nbd7 7.Bg5 h6 8.Bxf6 Nxf6
9.e4 c5 10.Qd2 Bg4 11.d5 a6 12.h3 Bxf3 13.Bxf3 Qa5 14.O-O Nd7 15.Be2 Rab8
16.a4 Kh7 17.f4 Nb6 18.Qd3 Nd7 19.h4 Qb4 20.Rfb1 Qa5 21.Kg2 Rbd8 22.h5 Bd4
23.hxg6+ fxg6 24.Rh1 Kg7 25.Nd1 Nf6 26.Ra3 Qc7 27.Rb3 Qd7 28.a5 Rb8 29.Bf3 Qc7
30.Qd2 b5 31.axb6 Rxb6 32.Rxb6 Qxb6 33.e5 Ng8 34.exd6 exd6 35.Re1 Rf7 36.Re6 Re7
37.Qe2 Rxe6 38.dxe6 Ne7 39.g4 Qb3 40.Be4 Kf6 41.f5 g5 42.Bc2 Qb4 43.Be4 Be5
44.Qc2 Qe1 45.Nf2 Bd4 46.Bf3 Kg7 47.b3 h5 48.Qe2 Qxe2 49.Bxe2 Bxf2 50.Kxf2 hxg4
51.Bxg4 Nc6 52.Ke3 Kf6 53.Ke4 Nb4 54.Bf3 a5  1/2-1/2

[Event "Berlin"]
[Site "Berlin"]
[Date "1999.??.??"]
[Round "3"]
[White "Kengis, Edvins"]
[Black "Lagunow, Alexander"]
[Result "1-0"]
[WhiteElo "2570"]
[BlackElo "2435"]

1.Nf3 Nf6 2.g3 g6 3.Bg2 Bg7 4.c4 O-O 5.d4 d5 6.cxd5 Nxd5 7.O-O Nb6 8.Nc3 Nc6
9.e3 Re8 10.d5 Na5 11.Nd4 Bd7 12.Nb3 Nxb3 13.Qxb3 e6 14.e4 c6 15.dxc6 Bxc6
16.Be3 Qd3 17.Rfe1 Qc4 18.Bf1 Qxb3 19.axb3 Red8 20.b4 Bd4 21.b5 Be8 22.Bxd4 Rxd4
23.e5 Rb4 24.Ra2 a6 25.Rd1 Nd7 26.f4 Rb8 27.bxa6 bxa6 28.Bxa6 Rxb2 29.Rxb2 Rxb2
30.Bb5 Rb3 31.Bxd7 Bxd7 32.Ne4 Bc6 33.Nf6+ Kg7 34.Rd6 Bf3 35.Kf2 h5 36.Rd7 Bc6
37.Rc7 Rb6 38.Ke3 Kf8 39.Kd4 Ba4 40.Ra7 Bb5 41.Ra8+ Ke7 42.Kc5 Ra6 43.Ng8+ Kd7
44.Rf8 Ba4 45.Rxf7+ Ke8 46.Rc7 Bc2 47.Nf6+ Kf8 48.Rc6 Rxc6+ 49.Kxc6 Ke7 50.Kc7 Ba4
51.Ne4 Bb5 52.Nd6 Ba6 53.Nc8+ Ke8 54.Na7  1-0

[Event "Berlin"]
[Site "Berlin"]
[Date "1999.??.??"]
[Round "9"]
[White "Romanishin, Oleg M"]
[Black "Glienke, Manfred"]
[Result "1-0"]
[WhiteElo "2565"]
[BlackElo "2385"]

1.c4 Nf6 2.Nf3 g6 3.g3 Bg7 4.Bg2 O-O 5.d4 d6 6.O-O Nc6 7.Nc3 a6 8.b3 Rb8
9.Nd5 Bd7 10.Nxf6+ exf6 11.Bb2 Re8 12.Qd2 Bf5 13.d5 Ne5 14.Nd4 Bc8 15.e4 h5
16.h3 c5 17.dxc6 bxc6 18.f4 Qb6 19.Bc3 Nd7 20.Kh1 Bb7 21.Rae1 Rbc8 22.Nc2 Qc7
23.Ba5 Qb8 24.Rd1 Nc5 25.Rfe1 Bf8 26.Bc3 Be7 27.b4 Na4 28.Ba1 c5 29.bxc5 Rxc5
30.Ne3 Nb6 31.Qb4 Bd8 32.Bd4 Rc6 33.Rb1 Qc8 34.Qb3 Ba8 35.Nd5 Nd7 36.Rbc1 a5
37.Qc3 Bb7 38.h4 Ba6 39.Ne3 Nb6 40.Bxb6 Bxb6 41.Nd5 Bd8 42.Nxf6+ Bxf6 43.Qxf6 d5
44.Qg5 dxe4 45.Qxa5 Rc5 46.Qa3 f5 47.Red1 Rc6 48.Rd4 Qc7 49.c5 Bd3 50.Kh2 Rd8
51.Ra4 Rd7 52.Ra8+ Kh7 53.Rc3 Rg7 54.Rb3 Kh6 55.Rbb8 Rh7 56.Rh8 Qg7 57.Rhd8 Qe7
58.Rd5 Rc7 59.Rd6 Bc4 60.Qb4 Be2 61.Qd4 Bf3 62.Rg8 Rg7 63.Rxg7 Qxg7 64.Qxg7+ Kxg7
65.c6 Kf7 66.Bxf3 exf3 67.Rd7+  1-0

[Event "Ceske Budejovice op"]
[Site "Ceske Budejovice"]
[Date "1999.??.??"]
[Round "7"]
[White "Splosnov, Sergei"]
[Black "Blazkova, Petra"]
[Result "1-0"]
[WhiteElo "2400"]
[BlackElo "2245"]

1.Nf3 Nf6 2.c4 g6 3.g3 Bg7 4.Bg2 O-O 5.d4 d5 6.cxd5 Nxd5 7.O-O Nb6 8.Nc3 Nc6
9.d5 Na5 10.e4 c6 11.Nd4 e6 12.Nde2 exd5 13.exd5 Nxd5 14.Nxd5 cxd5 15.Qxd5 Qxd5
16.Bxd5 Rd8 17.Bg2 Bg4 18.Nc3 Rac8 19.Bg5 f6 20.Be3 b6 21.Nd5 Kf7 22.b3 Nc6
23.h3 Be6 24.Nf4 Nd4 25.Rad1 Nc2 26.Nxe6 Kxe6 27.Bf4 f5 28.Bb7 Nd4 29.Bxc8+ Rxc8
30.Kg2 h6 31.h4 Rc5 32.Rd2 Rd5 33.Rfd1  1-0

[Event "Clichy"]
[Site "Clichy"]
[Date "1999.??.??"]
[Round "9"]
[White "Velikov, Petar"]
[Black "Daillet, Emmanuel"]
[Result "1-0"]
[WhiteElo "2492"]
[BlackElo "2279"]

1.Nf3 Nf6 2.g3 g6 3.Bg2 Bg7 4.c4 O-O 5.O-O d6 6.d4 Nc6 7.Nc3 a6 8.b3 Rb8
9.e3 Na5 10.Bb2 b5 11.cxb5 axb5 12.Rc1 Bb7 13.Qc2 c5 14.dxc5 dxc5 15.Rfd1 Qb6
16.e4 Rfd8 17.e5 Ng4 18.Ne4 c4 19.Bd4 Qc6 20.Nfg5 cxb3 21.Qe2 Rxd4 22.Rxc6 Rxd1+
23.Qxd1 Bxc6 24.axb3 Nxe5  1-0

[Event "CZE-chT2 9899"]
[Site "CZE"]
[Date "1999.??.??"]
[Round "?"]
[White "Vecerka, Pavel"]
[Black "Petras, Milan"]
[Result "0-1"]
[WhiteElo "2110"]
[BlackElo "2200"]

1.Nf3 Nf6 2.c4 g6 3.g3 Bg7 4.Bg2 O-O 5.O-O c5 6.Nc3 Nc6 7.d4 cxd4 8.Nxd4 Ng4
9.Nxc6 dxc6 10.Qb3 Qc7 11.Ne4 Nf6 12.Ng5 h6 13.Nf3 e5 14.Be3 Be6 15.Qa4 c5
16.Rac1 Ng4 17.Bd2 e4 18.Bf4 Qe7 19.Ne1 f5 20.h3 Ne5 21.Bd2 Nc6 22.Bc3 Nd4
23.Bxd4 cxd4 24.b4 f4 25.Bxe4 fxg3 26.Nf3 Bxh3 27.Qc2 Bxf1 28.Rxf1 Rae8 29.Bd3 gxf2+
30.Kg2 g5 31.Rh1 g4  0-1

[Event "CZE-chT2V 9899"]
[Site "CZE"]
[Date "1999.??.??"]
[Round "?"]
[White "Mirumian, Vigen"]
[Black "Krupkova, Petra"]
[Result "1-0"]
[WhiteElo "2505"]
[BlackElo "2295"]

1.Nf3 Nf6 2.g3 g6 3.Bg2 Bg7 4.c4 O-O 5.O-O d5 6.d4 dxc4 7.Na3 Nc6 8.Nxc4 Be6
9.b3 Bd5 10.Bb2 a5 11.Rc1 a4 12.bxa4 Ra6 13.a3 Qa8 14.Ne3 Be4 15.d5 Rd8 16.Bxf6 Bxf6
17.Nd2 Bxg2 18.Kxg2 Ne5 19.Rxc7 Rxa4 20.Qb1 Qa5 21.Qc1 Rxa3 22.Ne4 b5 23.Rd1 Ra4
24.Nxf6+ exf6 25.Qc5 Qb4 26.Qb6 Qa5 27.Rb7 Qxb6 28.Rxb6 Ra2 29.Kf1 Nc4 30.Nxc4 bxc4
31.Rxf6 c3 32.e4 Rb8 33.Rc1 c2 34.Ke2 Rb4 35.f3 Kf8 36.Rc6 Rbb2 37.Rc3 h5
38.Kd3 Rb1 39.R1xc2 Rd1+ 40.Ke3 Re1+ 41.Kf4 Rxc2 42.Rxc2  1-0

[Event "CZE-chT 9899"]
[Site "CZE"]
[Date "1999.??.??"]
[Round "8"]
[White "Jirovsky, Milos"]
[Black "Zabystrzan, Pavel"]
[Result "1/2-1/2"]
[WhiteElo "2435"]
[BlackElo "2280"]

1.Nf3 Nf6 2.c4 g6 3.g3 Bg7 4.Bg2 O-O 5.O-O c5 6.Nc3 d6 7.d4 Na6 8.h3 Bd7
9.b3 Bc6 10.e3 Ne4 11.Bb2 Nxc3 12.Bxc3 Be4 13.Rc1 b6 14.Qe2 Qc7 15.d5 Bxc3
16.Rxc3 b5 17.Qd2 Qb7 18.Rd1 Nc7 19.Ne1 Bxg2 20.Nxg2 a5 21.e4 a4 22.Qf4 axb3
23.axb3  1/2-1/2

[Event "Moravia-chT 9899"]
[Site "CZE"]
[Date "1999.??.??"]
[Round "9"]
[White "Jurka, Miroslav"]
[Black "Blazkova, Petra"]
[Result "1-0"]
[WhiteElo "2345"]
[BlackElo "2255"]

1.Nf3 Nf6 2.c4 g6 3.g3 Bg7 4.Bg2 O-O 5.d4 d5 6.cxd5 Nxd5 7.O-O Nc6 8.Nc3 Nb6
9.d5 Na5 10.Qc2 Nxd5 11.Rd1 c6 12.Ne1 Bd7 13.Nxd5 cxd5 14.Rxd5 e6 15.Rd3 Rc8
16.Qd1 Rc7 17.Bf4 e5 18.Rc1 exf4 19.Rxc7 Qxc7 20.Rxd7 Qb6 21.b3 fxg3 22.hxg3 Be5
23.Kf1 Nc6 24.Nd3 Bc7 25.Qc1 Rd8 26.Bxc6 bxc6 27.Rxd8+ Bxd8 28.Ne5 Qc7 29.Nxc6 h5
30.Qc4 Bf6 31.Nb4 Qd7 32.Nd5 Bd8 33.Kg2 h4 34.gxh4 Bxh4 35.Qe4 Bd8 36.b4 Bb6
37.Nf6+  1-0

[Event "Moravia-chT 9899"]
[Site "CZE"]
[Date "1999.??.??"]
[Round "9"]
[White "Vavra, Pavel"]
[Black "Bures, Vit"]
[Result "1/2-1/2"]
[WhiteElo "2340"]
[BlackElo "2150"]

1.Nf3 Nf6 2.c4 g6 3.g3 Bg7 4.Bg2 O-O 5.d4 d5 6.cxd5 Nxd5 7.Nc3 Nb6 8.O-O Nc6
9.d5 Na5 10.e4 c6 11.Bg5 Nac4 12.dxc6 Nxb2 13.Qxd8 Rxd8 14.e5 f6 15.cxb7 Bxb7
16.exf6 exf6 17.Bc1 N2c4 18.Nb5 f5 19.Bg5 Rd3 20.Ne1 Rd7 21.Bxb7 Rxb7 22.Rd1 Na4
23.Rc1 Nab2 24.Nc3 h6 25.Be3 Nxe3 26.fxe3 Rc8 27.Ne2 Rxc1 28.Nxc1 Nc4 29.Ng2 Rb2
30.Rf2 Rb1 31.Rc2 Ne5 32.Ne1 Ng4 33.Rc8+ Kh7 34.Rc7 Nxe3 35.Ned3 a6 36.Nf4 g5
37.Ne6 Kg6 38.Nxg7 Nd5 39.Rc5 Kxg7 40.Kg2 Rb2+ 41.Kg1 Ne7 42.a4 Rd2 43.Nb3 Rd6
44.Kf2 Kf6 45.Ke2 f4 46.gxf4 gxf4 47.Nd2 Rd5 48.Rc4 Kf5 49.Nf3 Rd6 50.h3 Nd5
51.Rc5 Kf6 52.Rc4 Rb6 53.Nd4 Rb2+ 54.Kd3 Ne7 55.Ke4 Rh2 56.Rc3 Ra2 57.Rc4 Rh2
58.Rc3 Ra2 59.Rc4 Ra3 60.Nf3 Ng6  1/2-1/2

[Event "CZE-chT 9899"]
[Site "CZE"]
[Date "1999.??.??"]
[Round "10"]
[White "Jirovsky, Milos"]
[Black "Nedela, Vlastimil"]
[Result "1-0"]
[WhiteElo "2435"]
[BlackElo "2330"]

1.Nf3 Nf6 2.c4 g6 3.g3 Bg7 4.Bg2 O-O 5.O-O d6 6.d4 Nc6 7.Nc3 Bd7 8.e4 Qc8
9.Re1 Bg4 10.Be3 Ne8 11.Qd2 e5 12.d5 Na5 13.Qd3 b6 14.Nd2 Nb7 15.b4 f5 16.f3 f4
17.gxf4 Bh3 18.f5 Bxg2 19.Kxg2 gxf5 20.exf5 Rxf5 21.Nce4 Rh5 22.Rh1 Qh3+
23.Kf2 Nf6 24.Rag1 Rf8 25.Rg3 Qf5 26.Ke2 Kh8 27.h4 Bh6 28.Bg5 Bxg5 29.Rxg5 Rxg5
30.hxg5 Nxe4 31.Nxe4 Kg7 32.Nf6 Qxd3+ 33.Kxd3 Rh8 34.Rh6 Nd8 35.Nh5+ Kf7
36.g6+ Kg8 37.g7  1-0

[Event "Dordrecht FPO"]
[Site "Dordrecht"]
[Date "1999.??.??"]
[Round "16"]
[White "Vaganian, Rafael A"]
[Black "Van Wely, Loek"]
[Result "1-0"]
[WhiteElo "2605"]
[BlackElo "2636"]

1.Nf3 Nf6 2.c4 g6 3.g3 Bg7 4.Bg2 O-O 5.d4 d5 6.cxd5 Nxd5 7.O-O Nb6 8.Nc3 Nc6
9.d5 Na5 10.Qc2 c6 11.dxc6 Nxc6 12.Rd1 Bf5 13.e4 Bd7 14.Qe2 Qe8 15.Be3 Rc8
16.Rac1 Bg4 17.h3 Bxf3 18.Bxf3 Ne5 19.Bg2 Nec4 20.Bxb6 axb6 21.b3 Bxc3 22.Rxc3 Na5
23.Qe3 Rxc3 24.Qxc3 Nc6 25.Qe3 e5 26.Qxb6 Qe7 27.Rd5 h5 28.h4 Rc8 29.Bh3 Rc7
30.Qc5 Qf6 31.Qd6 Qxd6 32.Rxd6 Nd4 33.Bf1 Rc1 34.Kg2 Rc2 35.Bc4 b5 36.Bd5 Kf8
37.Rf6 Rc7 38.Rb6 Kg7 39.a4 bxa4 40.bxa4 f5 41.a5 Rc2 42.a6 Ra2 43.Rb7+ Kf6
44.a7  1-0

[Event "Dresden op"]
[Site "Dresden"]
[Date "1999.??.??"]
[Round "?"]
[White "Schnitzspan, Lothar"]
[Black "Kindermann, Stefan"]
[Result "1/2-1/2"]
[WhiteElo "2320"]
[BlackElo "2525"]

1.Nf3 Nf6 2.c4 g6 3.g3 Bg7 4.Bg2 O-O 5.Nc3 d6 6.O-O Nc6 7.d3 e5 8.Rb1 a5
9.a3 h6 10.b4 axb4 11.axb4 Be6 12.b5 Ne7 13.Bb2 Qd7 14.Qb3 b6 15.Ra1 Rac8
16.Ra7 Bh3 17.Rc1 Bxg2 18.Kxg2 Qe6 19.Qa2 g5 20.h3 Ng6 21.Nd5 g4 22.hxg4 Qxg4
23.Rh1 Nxd5 24.cxd5 Nf4+ 25.Kf1 Nxe2 26.Ne1 Nd4 27.Bxd4 exd4 28.Rh4 Qd1 29.Qc2 Qxc2
30.Nxc2 f5 31.Nxd4 Bf6 32.Rf4 Be5 33.Nxf5 Bxf4 34.Ne7+ Kg7 35.Nxc8 Rxc8 36.gxf4 Kf6
37.Ke2 Re8+ 38.Kf3 Re7 39.Ra8 h5 40.Rg8 Re1 41.Rh8 Kg6 42.Rg8+  1/2-1/2

[Event "FRA-chT 9899"]
[Site "FRA"]
[Date "1999.??.??"]
[Round "11"]
[White "Adrian, Claude"]
[Black "Maze, Sebastien"]
[Result "1-0"]
[WhiteElo "2294"]
[BlackElo "2179"]

1.Nf3 Nf6 2.c4 g6 3.g3 Bg7 4.Bg2 O-O 5.d4 c5 6.Nc3 cxd4 7.Nxd4 Nc6 8.Nc2 d6
9.O-O Be6 10.b3 Nd7 11.Bb2 Rc8 12.e4 Nb6 13.Qe2 Ne5 14.Ne3 Nc6 15.Ncd5 Bxb2
16.Qxb2 Bxd5 17.exd5 Ne5 18.f4 Ned7 19.Rae1 Nf6 20.g4 Nbd7 21.g5 Nh5 22.Bh3 Rc7
23.Ng4 Ng7 24.Nh6+ Kh8 25.Rf3 f5 26.Rfe3 Nc5 27.Bg2 Qd7 28.h4 b5 29.cxb5 Rfc8
30.Nf7+ Kg8 31.Rxe7 Qxe7 32.Rxe7 Rxe7 33.Nxd6 Rd8 34.Nc4 Re1+ 35.Kh2 Nh5
36.Qd2 Rde8 37.Ne5 Rb1 38.d6 Ne6 39.d7 Rf8 40.Bd5 Ng7 41.Nc6 Kh8 42.Bxe6  1-0

[Event "Hessenliga 9899"]
[Site "GER"]
[Date "1999.??.??"]
[Round "?"]
[White "Schild, Christoph"]
[Black "Weber, Ulrich"]
[Result "1/2-1/2"]
[WhiteElo "2215"]
[BlackElo "2255"]

1.Nf3 Nf6 2.c4 g6 3.g3 Bg7 4.Bg2 O-O 5.O-O d6 6.d4 Nbd7 7.Nc3 e5 8.e4 exd4
9.Nxd4 Nc5 10.Re1 Re8 11.f3 a5 12.Be3 a4 13.Qc2 c6 14.Rad1 Qa5 15.h3 Qb4
16.Bf1 Nh5 17.Kh2 a3 18.b3 f5 19.exf5 Bxf5 20.Qd2 Bd7 21.Bg2 Qa5 22.Bf2 Rxe1
23.Rxe1 Re8 24.Rxe8+ Bxe8 25.Bf1 Bd7 26.Kg2 Be5 27.f4 Bg7 28.Ne4 Qxd2 29.Nxd2 Nf6
30.Kf3 Na6 31.Nc2 Bf5 32.Nxa3 Nb4 33.g4 Be6 34.Be3 Nxa2 35.Nc2 Nc3 36.Bd3 d5
37.f5 gxf5 38.gxf5 Bd7 39.Bd4 Ne8 40.Bxg7 Kxg7 41.Kf4 Kf6 42.Ne3 h5 43.cxd5 Nxd5+
44.Nxd5+ cxd5 45.Nf1 Nd6 46.Ng3 Be8 47.h4 Bf7 48.Be2 Ne4 49.Nxh5+ Bxh5 50.Bxh5 Nc5
51.Bf3 Nxb3 52.Bxd5 Nd4  1/2-1/2

[Event "Oberliga Nord N9899"]
[Site "GER"]
[Date "1999.??.??"]
[Round "?"]
[White "Kuehn, Stefan"]
[Black "Junge, Kai"]
[Result "1-0"]
[WhiteElo "2310"]
[BlackElo "2215"]

1.Nf3 Nf6 2.g3 g6 3.Bg2 Bg7 4.c4 O-O 5.Nc3 d6 6.O-O c5 7.d3 Nc6 8.Bd2 Rb8
9.Qc1 a6 10.Bh6 Ng4 11.Bxg7 Kxg7 12.h3 Nh6 13.Nd2 Bd7 14.b3 f6 15.Qb2 Nf7
16.Kh2 b5 17.f4 Nd4 18.e3 Nf5 19.Rae1 h5 20.e4 Nd4 21.Ne2 e5 22.Nxd4 cxd4
23.Nf3 Qa5 24.Qe2 Rbe8 25.Nh4 exf4 26.gxf4 bxc4 27.bxc4 f5 28.Bf3 Kh7 29.Bxh5 Re6
30.Nxg6 Rxg6 31.Bxg6+ Kxg6 32.Rg1+ Kh6 33.Qg2  1-0